Random Minecraft Blocks - Statistics

General Stats
  • This quiz has been taken 22 times
    19 since last reset
  • The average score is 12 of 20
Answer Stats
% Correct
Acacia Fence Gate
100%
Acacia Sapling
100%
Acacia Slab
100%
Amethyst Cluster
100%
Azalea Leaves
100%
Bedrock
100%
Bell
100%
Big Dripleaf
100%
Birch Fence Gate
100%
Birch Slab
100%
Black Banner
100%
Black Concrete
100%
Black Glazed Terracotta
100%
Block of Bamboo
100%
Block of Emerald
100%
Block of Redstone
100%
Blue Carpet
100%
Blue Concrete
100%
Blue Concrete Powder
100%
Blue Ice
100%
Brick Wall
100%
Brown Mushroom
100%
Bubble Coral Block
100%
Cherry Door
100%
Cherry Log
100%
Cherry Stairs
100%
Chiseled Nether Bricks
100%
Copper Chain
100%
Copper Ore
100%
Cracked Blackstone Bricks
100%
Crimson Button
100%
Crimson Fence
100%
Crimson Slab
100%
Cyan Bed
100%
Cyan Glazed Terracotta
100%
Cyan Stained Glass Pane
100%
Dark Oak Door
100%
Dark Oak Leaves
100%
Dark Oak Log
100%
Dark Oak Slab
100%
Dark Prismarine Stairs
100%
Dead Bubble Coral Fan
100%
Decorated Pot
100%
Deepslate Coal Ore
100%
Deepslate Iron Ore
100%
Deepslate Tile Stairs
100%
Dried Kelp Block
100%
Ender Chest
100%
Glow Lichen
100%
Glowstone
100%
Granite Slab
100%
Gray Wool
100%
Green Banner
100%
Honeycomb
100%
Kelp
100%
Lever
100%
Light Blue Stained Glass
100%
Light Gray Stained Glass
100%
Light Weighted Pressure Plate
100%
Magenta Glazed Terracotta
100%
Mangrove Button
100%
Mangrove Fence Gate
100%
Mangrove Planks
100%
Nether Brick Slab
100%
Orange Stained Glass
100%
Pale Oak Button
100%
Prismarine Wall
100%
Purple Shulker Box
100%
Purpur Block
100%
Rail
100%
Red Stained Glass
100%
Red Stained Glass Pane
100%
Red Terracotta
100%
Rosebush
100%
Sculk Shrieker
100%
Seagrass
100%
Smooth Stone Slab
100%
Snow
100%
Spruce Sign
100%
Spruce Slab
100%
Stone Brick Slab
100%
Stone Stairs
100%
Stripped Birch Log
100%
Weathered Copper Bulb
100%
Weathered Cut Copper
100%
Wither Skeleton Skull
100%
Yellow Banner
100%
Yellow Carpet
100%
Yellow Concrete
100%
Blue Glazed Terracotta
50%
Warped Slab
50%
Crimson Shelf
33%
Acacia Button
0%
Acacia Door
0%
Acacia Fence
0%
Acacia Hanging Sign
0%
Acacia Leaves
0%
Acacia Log
0%
Acacia Planks
0%
Acacia Pressure Plate
0%
Acacia Shelf
0%
Acacia Sign
0%
Acacia Stairs
0%
Acacia Trapdoor
0%
Acacia Wood
0%
Activator Rail
0%
Allium
0%
Ancient Debris
0%
Andesite
0%
Andesite Slab
0%
Andesite Stairs
0%
Andesite Wall
0%
Anvil
0%
Azalea
0%
Azure Bluet
0%
Bamboo
0%
Bamboo Button
0%
Bamboo Door
0%
Bamboo Fence
0%
Bamboo Fence Gate
0%
Bamboo Hanging Sign
0%
Bamboo Mosaic
0%
Bamboo Mosaic Slab
0%
Bamboo Mosaic Stairs
0%
Bamboo Planks
0%
Bamboo Pressure Plate
0%
Bamboo Shelf
0%
Bamboo Shoot
0%
Bamboo Sign
0%
Bamboo Slab
0%
Bamboo Stairs
0%
Bamboo Trapdoor
0%
Barrel
0%
Beacon
0%
Beehive
0%
Bee Nest
0%
Beetroots
0%
Birch Button
0%
Birch Door
0%
Birch Fence
0%
Birch Hanging Sign
0%
Birch Leaves
0%
Birch Log
0%
Birch Planks
0%
Birch Pressure Plate
0%
Birch Sapling
0%
Birch Shelf
0%
Birch Sign
0%
Birch Stairs
0%
Birch Trapdoor
0%
Birch Wood
0%
Black Bed
0%
Black Candle
0%
Black Carpet
0%
Black Concrete Powder
0%
Black Shulker Box
0%
Black Stained Glass
0%
Black Stained Glass Pane
0%
Blackstone
0%
Blackstone Slab
0%
Blackstone Stairs
0%
Blackstone Wall
0%
Black Terracotta
0%
Black Wool
0%
Blast Furnace
0%
Block of Amethyst
0%
Block of Coal
0%
Block of Copper
0%
Block of Diamond
0%
Block of Gold
0%
Block of Iron
0%
Block of Lapis Lazuli
0%
Block of Netherite
0%
Block of Quartz
0%
Block of Raw Copper
0%
Block of Raw Gold
0%
Block of Raw Iron
0%
Block of Resin
0%
Block of Stripped Bamboo
0%
Blue Banner
0%
Blue Bed
0%
Blue Candle
0%
Blue Orchid
0%
Blue Shulker Box
0%
Blue Stained Glass
0%
Blue Stained Glass Pane
0%
Blue Terracotta
0%
Blue Wool
0%
Bone Block
0%
Bookshelf
0%
Brain Coral
0%
Brain Coral Block
0%
Brain Coral Fan
0%
Brewing Stand
0%
Bricks
0%
Brick Slab
0%
Brick Stairs
0%
Brown Banner
0%
Brown Bed
0%
Brown Candle
0%
Brown Carpet
0%
Brown Concrete
0%
Brown Concrete Powder
0%
Brown Glazed Terracotta
0%
Brown Mushroom Block
0%
Brown Shulker Box
0%
Brown Stained Glass
0%
Brown Stained Glass Pane
0%
Brown Terracotta
0%
Brown Wool
0%
Bubble Coral
0%
Bubble Coral Fan
0%
Budding Amethyst
0%
Bush
0%
Cactus
0%
Cactus Flower
0%
Cake
0%
Calcite
0%
Calibrated Sculk Sensor
0%
Campfire
0%
Candle
0%
Carrots
0%
Cartography Table
0%
Carved Pumpkin
0%
Cauldron
0%
Cave Vines
0%
Cherry Button
0%
Cherry Fence
0%
Cherry Fence Gate
0%
Cherry Hanging Sign
0%
Cherry Leaves
0%
Cherry Planks
0%
Cherry Sapling
0%
Cherry Shelf
0%
Cherry Sign
0%
Cherry Slab
0%
Cherry Trapdoor
0%
Cherry Trapdoor
0%
Cherry Wood
0%
Chest
0%
Chipped Anvil
0%
Chiseled Bookshelf
0%
Chiseled Copper
0%
Chiseled Deepslate
0%
Chiseled Polished Blackstone
0%
Chiseled Quartz Block
0%
Chiseled Red Sandstone
0%
Chiseled Resin Bricks
0%
Chiseled Sandstone
0%
Chiseled Stone Bricks
0%
Chiseled Tuff
0%
Chiseled Tuff Bricks
0%
Chorus Flower
0%
Chorus Plant
0%
Clay
0%
Closed Eyeblossom
0%
Coal Ore
0%
Coarse Dirt
0%
Cobbled Deepslate
0%
Cobbled Deepslate Slab
0%
Cobbled Deepslate Stairs
0%
Cobbled Deepslate Wall
0%
Cobblestone
0%
Cobblestone Slab
0%
Cobblestone Stairs
0%
Cobblestone Wall
0%
Cobweb
0%
Cocoa
0%
Composter
0%
Conduit
0%
Copper Bars
0%
Copper Bulb
0%
Copper Chest
0%
Copper Door
0%
Copper Golem Statue
0%
Copper Grate
0%
Copper Lantern
0%
Copper Torch
0%
Copper Trapdoor
0%
Cornflower
0%
Cracked Deepslate Bricks
0%
Cracked Deepslate Tiles
0%
Cracked Nether Bricks
0%
Cracked Stone Bricks
0%
Crafter
0%
Crafting Table
0%
Creaking Heart
0%
Creeper Head
0%
Crimson Door
0%
Crimson Fence Gate
0%
Crimson Fungus
0%
Crimson Hanging Sign
0%
Crimson Hyphae
0%
Crimson Nylium
0%
Crimson Planks
0%
Crimson Pressure Plate
0%
Crimson Roots
0%
Crimson Sign
0%
Crimson Stairs
0%
Crimson Stem
0%
Crimson Trapdoor
0%
Crying Obsidian
0%
Cut Copper
0%
Cut Copper Slab
0%
Cut Copper Stairs
0%
Cut Red Sandstone
0%
Cut Red Sandstone Slab
0%
Cut Sandstone
0%
Cut Sandstone Slab
0%
Cyan Banner
0%
Cyan Candle
0%
Cyan Carpet
0%
Cyan Concrete
0%
Cyan Concrete Powder
0%
Cyan Shulker Box
0%
Cyan Stained Glass
0%
Cyan Terracotta
0%
Cyan Wool
0%
Damaged Anvil
0%
Dandelion
0%
Dark Oak Button
0%
Dark Oak Fence
0%
Dark Oak Fence Gate
0%
Dark Oak Hanging Sign
0%
Dark Oak Planks
0%
Dark Oak Pressure Plate
0%
Dark Oak Sapling
0%
Dark Oak Shelf
0%
Dark Oak Sign
0%
Dark Oak Stairs
0%
Dark Oak Trapdoor
0%
Dark Oak Wood
0%
Dark Prismarine
0%
Dark Prismarine Slab
0%
Daylight Detector
0%
Dead Brain Coral
0%
Dead Brain Coral Block
0%
Dead Brain Coral Fan
0%
Dead Bubble Coral
0%
Dead Bubble Coral Block
0%
Dead Bush
0%
Dead Fire Coral
0%
Dead Fire Coral Block
0%
Dead Fire Coral Fan
0%
Dead Horn Coral
0%
Dead Horn Coral Block
0%
Dead Horn Coral Fan
0%
Dead Tube Coral
0%
Dead Tube Coral Block
0%
Dead Tube Coral Fan
0%
Deepslate
0%
Deepslate Bricks
0%
Deepslate Brick Slab
0%
Deepslate Brick Stairs
0%
Deepslate Brick Wall
0%
Deepslate Copper Ore
0%
Deepslate Diamond Ore
0%
Deepslate Emerald Ore
0%
Deepslate Gold Ore
0%
Deepslate Lapis Lazuli Ore
0%
Deepslate Redstone Ore
0%
Deepslate Tiles
0%
Deepslate Tile Slab
0%
Deepslate Tile Wall
0%
Detector Rail
0%
Diamond Ore
0%
Diorite
0%
Diorite Slab
0%
Diorite Stairs
0%
Diorite Wall
0%
Dirt
0%
Dirt Path
0%
Dispenser
0%
Dragon Egg
0%
Dragon Head
0%
Dried Ghast
0%
Dripstone Block
0%
Dropper
0%
Emerald Ore
0%
Enchanting Table
0%
End Portal Frame
0%
End Rod
0%
End Stone
0%
End Stone Bricks
0%
End Stone Brick Slab
0%
End Stone Brick Stairs
0%
End Stone Brick Wall
0%
Exposed Chiseled Copper
0%
Exposed Copper
0%
Exposed Copper Bars
0%
Exposed Copper Bulb
0%
Exposed Copper Chain
0%
Exposed Copper Chest
0%
Exposed Copper Door
0%
Exposed Copper Golem Statue
0%
Exposed Copper Grate
0%
Exposed Copper Lantern
0%
Exposed Copper Trapdoor
0%
Exposed Cut Copper
0%
Exposed Cut Copper Slab
0%
Exposed Cut Copper Stairs
0%
Exposed Lightning Rod
0%
Farmland
0%
Fern
0%
Fire Coral
0%
Fire Coral Block
0%
Fire Coral Fan
0%
Firefly Bush
0%
Fletching Table
0%
Flowering Azalea
0%
Flowering Azalea Leaves
0%
Flower Pot
0%
Frogspawn
0%
Frosted Ice
0%
Furnace
0%
Gilded Blackstone
0%
Glass
0%
Glass Pane
0%
Golden Dandelion
0%
Gold Ore
0%
Granite
0%
Granite Stairs
0%
Granite Wall
0%
Grass Block
0%
Gravel
0%
Gray Banner
0%
Gray Bed
0%
Gray Candle
0%
Gray Carpet
0%
Gray Concrete
0%
Gray Concrete Powder
0%
Gray Glazed Terracotta
0%
Gray Shulker Box
0%
Gray Stained Glass
0%
Gray Stained Glass Pane
0%
Gray Terracotta
0%
Green Bed
0%
Green Candle
0%
Green Carpet
0%
Green Concrete
0%
Green Concrete Powder
0%
Green Glazed Terracotta
0%
Green Shulker Box
0%
Green Stained Glass
0%
Green Stained Glass Pane
0%
Green Terracotta
0%
Green Wool
0%
Grindstone
0%
Hanging Roots
0%
Hay Bale
0%
Heavy Core
0%
Heavy Weighted Pressure Plate
0%
Honey Block
0%
Hopper
0%
Horn Coral
0%
Horn Coral Block
0%
Horn Coral Fan
0%
Ice
0%
Iron Bars
0%
Iron Chain
0%
Iron Door
0%
Iron Ore
0%
Iron Trapdoor
0%
Jack o' Lantern
0%
Jukebox
0%
Jungle Button
0%
Jungle Door
0%
Jungle Fence
0%
Jungle Fence Gate
0%
Jungle Hanging Sign
0%
Jungle Leaves
0%
Jungle Log
0%
Jungle Planks
0%
Jungle Pressure Plate
0%
Jungle Sapling
0%
Jungle Shelf
0%
Jungle Sign
0%
Jungle Slab
0%
Jungle Stairs
0%
Jungle Trapdoor
0%
Jungle Wood
0%
Ladder
0%
Lantern
0%
Lapis Lazuli Ore
0%
Large Amethyst Bud
0%
Large Fern
0%
Leaf Litter
0%
Lectern
0%
Light Blue Banner
0%
Light Blue Bed
0%
Light Blue Candle
0%
Light Blue Carpet
0%
Light Blue Concrete
0%
Light Blue Concrete Powder
0%
Light Blue Glazed Terracotta
0%
Light Blue Shulker Box
0%
Light Blue Stained Glass Pane
0%
Light Blue Terracotta
0%
Light Blue Wool
0%
Light Gray Banner
0%
Light Gray Bed
0%
Light Gray Candle
0%
Light Gray Carpet
0%
Light Gray Concrete
0%
Light Gray Concrete Powder
0%
Light Gray Glazed Terracotta
0%
Light Gray Shulker Box
0%
Light Gray Stained Glass Pane
0%
Light Gray Terracotta
0%
Light Gray Wool
0%
Lightning Rod
0%
Lilac
0%
Lily of the Valley
0%
Lilypad
0%
Lime Banner
0%
Lime Bed
0%
Lime Candle
0%
Lime Carpet
0%
Lime Concrete
0%
Lime Concrete Powder
0%
Lime Glazed Terracotta
0%
Lime Shulker Box
0%
Lime Stained Glass
0%
Lime Stained Glass Pane
0%
Lime Terracotta
0%
Lime Wool
0%
Lodestone
0%
Loom
0%
Magenta Banner
0%
Magenta Bed
0%
Magenta Candle
0%
Magenta Carpet
0%
Magenta Concrete
0%
Magenta Concrete Powder
0%
Magenta Shulker Box
0%
Magenta Stained Glass
0%
Magenta Stained Glass Pane
0%
Magenta Terracotta
0%
Magenta Wool
0%
Magma Block
0%
Mangrove Door
0%
Mangrove Fence
0%
Mangrove Hanging Sign
0%
Mangrove Leaves
0%
Mangrove Log
0%
Mangrove Pressure Plate
0%
Mangrove Propagule
0%
Mangrove Roots
0%
Mangrove Shelf
0%
Mangrove Sign
0%
Mangrove Slab
0%
Mangrove Stairs
0%
Mangrove Trapdoor
0%
Mangrove Wood
0%
Medium Amethyst Bud
0%
Melon
0%
Monster Spawner
0%
Moss Block
0%
Moss Carpet
0%
Mossy Cobblestone
0%
Mossy Cobblestone Slab
0%
Mossy Cobblestone Stairs
0%
Mossy Cobblestone Wall
0%
Mossy Stone Bricks
0%
Mossy Stone Brick Slab
0%
Mossy Stone Brick Stairs
0%
Mossy Stone Brick Wall
0%
Mud
0%
Mud Bricks
0%
Mud Brick Slab
0%
Mud Brick Stairs
0%
Mud Brick Wall
0%
Muddy Mangrove Roots
0%
Mushroom Stem
0%
Mycelium
0%
Nether Brick Fence
0%
Nether Bricks
0%
Nether Brick Stairs
0%
Nether Brick Wall
0%
Nether Gold Ore
0%
Nether Quartz Ore
0%
Netherrack
0%
Nether Sprouts
0%
Nether Wart
0%
Nether Wart Block
0%
Note Block
0%
Oak Button
0%
Oak Door
0%
Oak Fence
0%
Oak Fence Gate
0%
Oak Hanging Sign
0%
Oak Leaves
0%
Oak Log
0%
Oak Planks
0%
Oak Pressure Plate
0%
Oak Sapling
0%
Oak Shelf
0%
Oak Sign
0%
Oak Slab
0%
Oak Stairs
0%
Oak Trapdoor
0%
Oak Wood
0%
Observer
0%
Obsidian
0%
Ochre Froglight
0%
Ominous Banner
0%
Open Eyeblossom
0%
Orange Banner
0%
Orange Bed
0%
Orange Candle
0%
Orange Carpet
0%
Orange Concrete
0%
Orange Concrete Powder
0%
Orange Glazed Terracotta
0%
Orange Shulker Box
0%
Orange Stained Glass Pane
0%
Orange Terracotta
0%
Orange Tulip
0%
Orange Wool
0%
Oxeye Daisy
0%
Oxidized Chiseled Copper
0%
Oxidized Copper
0%
Oxidized Copper Bars
0%
Oxidized Copper Bulb
0%
Oxidized Copper Chain
0%
Oxidized Copper Chest
0%
Oxidized Copper Door
0%
Oxidized Copper Golem Statue
0%
Oxidized Copper Grate
0%
Oxidized Copper Lantern
0%
Oxidized Copper Trapdoor
0%
Oxidized Cut Copper
0%
Oxidized Cut Copper Slab
0%
Oxidized Cut Copper Stairs
0%
Oxidized Lightning Rod
0%
Packed Ice
0%
Packed Mud
0%
Pale Hanging Moss
0%
Pale Moss Block
0%
Pale Moss Carpet
0%
Pale Oak Door
0%
Pale Oak Fence
0%
Pale Oak Fence Gate
0%
Pale Oak Hanging Sign
0%
Pale Oak Leaves
0%
Pale Oak Log
0%
Pale Oak Planks
0%
Pale Oak Pressure Plate
0%
Pale Oak Sapling
0%
Pale Oak Shelf
0%
Pale Oak Sign
0%
Pale Oak Slab
0%
Pale Oak Stairs
0%
Pale Oak Trapdoor
0%
Pale Oak Wood
0%
Pearlescent Froglight
0%
Peony
0%
Piglin Head
0%
Pink Banner
0%
Pink Bed
0%
Pink Candle
0%
Pink Carpet
0%
Pink Concrete
0%
Pink Concrete Powder
0%
Pink Glazed Terracotta
0%
Pink Petals
0%
Pink Shulker Box
0%
Pink Stained Glass
0%
Pink Stained Glass Pane
0%
Pink Terracotta
0%
Pink Tulip
0%
Pink Wool
0%
Piston
0%
Pitcher Plant
0%
Pitcher Pod Crop
0%
Player Head
0%
Podzol
0%
Pointed Dripstone
0%
Polished Andesite
0%
Polished Andesite Slab
0%
Polished Andesite Stairs
0%
Polished Basalt
0%
Polished Blackstone
0%
Polished Blackstone Bricks
0%
Polished Blackstone Brick Slab
0%
Polished Blackstone Brick Stairs
0%
Polished Blackstone Brick Wall
0%
Polished Blackstone Button
0%
Polished Blackstone Pressure Plate
0%
Polished Blackstone Slab
0%
Polished Blackstone Stairs
0%
Polished Blackstone Wall
0%
Polished Deepslate
0%
Polished Deepslate Slab
0%
Polished Deepslate Stairs
0%
Polished Deepslate Wall
0%
Polished Diorite
0%
Polished Diorite Slab
0%
Polished Diorite Stairs
0%
Polished Granite
0%
Polished Granite Slab
0%
Polished Granite Stairs
0%
Polished Tuff
0%
Polished Tuff Slab
0%
Polished Tuff Stairs
0%
Polished Tuff Wall
0%
Poppy
0%
Potatoes
0%
Powder Snow
0%
Powered Rail
0%
Prismarine Block
0%
Prismarine Bricks
0%
Prismarine Brick Slab
0%
Prismarine Brick Stairs
0%
Prismarine Slab
0%
Prismarine Stairs
0%
Pumpkin
0%
Purple Banner
0%
Purple Bed
0%
Purple Candle
0%
Purple Carpet
0%
Purple Concrete
0%
Purple Concrete Powder
0%
Purple Glazed Terracotta
0%
Purple Stained Glass
0%
Purple Stained Glass Pane
0%
Purple Terracotta
0%
Purple Wool
0%
Purpur Pillar
0%
Purpur Slab
0%
Purpur Stairs
0%
Quartz Bricks
0%
Quartz Pillar
0%
Quartz Slab
0%
Quartz Stairs
0%
Red Banner
0%
Red Bed
0%
Red Candle
0%
Red Carpet
0%
Red Concrete
0%
Red Concrete Powder
0%
Red Glazed Terracotta
0%
Red Mushroom
0%
Red Mushroom Block
0%
Red Nether Bricks
0%
Red Nether Brick Slab
0%
Red Nether Brick Stairs
0%
Red Nether Brick Wall
0%
Red Sand
0%
Red Sandstone
0%
Red Sandstone Slab
0%
Red Sandstone Stairs
0%
Red Sandstone Wall
0%
Red Shulker Box
0%
Redstone Comparator
0%
Redstone Lamp
0%
Redstone Ore
0%
Redstone Repeater
0%
Redstone Torch
0%
Redstone Wire
0%
Red Tulip
0%
Red Wool
0%
Reinforced Deepslate
0%
Resin Bricks
0%
Resin Brick Slab
0%
Resin Brick Stairs
0%
Resin Brick Wall
0%
Resin Clump
0%
Respawn Anchor
0%
Rooted Dirt
0%
Sand
0%
Sandstone
0%
Sandstone Slab
0%
Sandstone Stairs
0%
Sandstone Wall
0%
Scaffolding
0%
Sculk
0%
Sculk Catalyst
0%
Sculk Sensor
0%
Sculk Vein
0%
Sea Lantern
0%
Sea Pickle
0%
Short Dry Grass
0%
Short Grass
0%
Shroomlight
0%
Shulker Box
0%
Skeleton Skull
0%
Slime Block
0%
Small Amethyst Bud
0%
Small Dripleaf
0%
Smithing Table
0%
Smoker
0%
Smooth Basalt
0%
Smooth Basalt
0%
Smooth Quartz
0%
Smooth Quartz Slab
0%
Smooth Quartz Stairs
0%
Smooth Red Sandstone
0%
Smooth Red Sandstone Slab
0%
Smooth Red Sandstone Stairs
0%
Smooth Sandstone
0%
Smooth Sandstone Slab
0%
Smooth Sandstone Stairs
0%
Smooth Stone
0%
Sniffer Egg
0%
Snow Block
0%
Soul Campfire
0%
Soul Lantern
0%
Soul Sand
0%
Soul Soil
0%
Soul Torch
0%
Sponge
0%
Spore Blossom
0%
Spruce Button
0%
Spruce Door
0%
Spruce Fence
0%
Spruce Fence Gate
0%
Spruce Hanging Sign
0%
Spruce Leaves
0%
Spruce Log
0%
Spruce Planks
0%
Spruce Pressure Plate
0%
Spruce Sapling
0%
Spruce Shelf
0%
Spruce Stairs
0%
Spruce Trapdoor
0%
Spruce Wood
0%
Sticky Piston
0%
Stone
0%
Stone Brickls
0%
Stone Brick Stairs
0%
Stone Brick Wall
0%
Stone Button
0%
Stonecutter
0%
Stone Pressure Plate
0%
Stone Slab
0%
Stripped Acacia Log
0%
Stripped Acacia Wood
0%
Stripped Birch Wood
0%
Stripped Cherry Log
0%
Stripped Cherry Wood
0%
Stripped Crimson Hyphae
0%
Stripped Crimson Stem
0%
Stripped Dark Oak Log
0%
Stripped Dark Oak Wood
0%
Stripped Jungle Log
0%
Stripped Jungle Wood
0%
Stripped Mangrove Log
0%
Stripped Mangrove Wood
0%
Stripped Oak Log
0%
Stripped Oak Wood
0%
Stripped Pale Oak Log
0%
Stripped Pale Oak Wood
0%
Stripped Spruce Log
0%
Stripped Spruce Wood
0%
Stripped Warped Hyphae
0%
Stripped Warped Stem
0%
Sugar Cane
0%
Sunflower
0%
Suspicious Gravel
0%
Suspicious Sand
0%
Sweet Berry Bush
0%
Tall Dry Grass
0%
Tall Grass
0%
Tall Seagrass
0%
Target
0%
Terracotta
0%
Tinted Glass
0%
TNT
0%
Torch
0%
Torchflower
0%
Torchflower Crop
0%
Trapped Chest
0%
Trial Spawner
0%
Tripwire
0%
Tripwire Hook
0%
Tube Coral
0%
Tube Coral Block
0%
Tube Coral Fan
0%
Tuff
0%
Tuff Bricks
0%
Tuff Brick Slab
0%
Tuff Brick Stairs
0%
Tuff Brick Wall
0%
Tuff Slab
0%
Tuff Stairs
0%
Tuff Wall
0%
Turtle Egg
0%
Twisting Vines
0%
Vault
0%
Verdant Froglight
0%
Vines
0%
Warped Button
0%
Warped Door
0%
Warped Fence
0%
Warped Fence Gate
0%
Warped Fungus
0%
Warped Hanging Sign
0%
Warped Hyphae
0%
Warped Nylium
0%
Warped Planks
0%
Warped Pressure Plate
0%
Warped Roots
0%
Warped Shelf
0%
Warped Sign
0%
Warped Stairs
0%
Warped Stem
0%
Warped Trapdoor
0%
Warped Wart Block
0%
Weathered Chiseled Copper
0%
Weathered Copper
0%
Weathered Copper Bars
0%
Weathered Copper Chain
0%
Weathered Copper Chest
0%
Weathered Copper Door
0%
Weathered Copper Golem Statue
0%
Weathered Copper Grate
0%
Weathered Copper Lantern
0%
Weathered Copper Trapdoor
0%
Weathered Cut Copper Slab
0%
Weathered Cut Copper Stairs
0%
Weathered Lightning Rod
0%
Weeping Vines
0%
Wet Sponge
0%
Wheat
0%
White Banner
0%
White Bed
0%
White Candle
0%
White Carpet
0%
White Concrete
0%
White Concrete Powder
0%
White Glazed Terracotta
0%
White Shulker Box
0%
White Stained Glass
0%
White Stained Glass Pane
0%
White Terracotta
0%
White Tulip
0%
White Wool
0%
Wildflowers
0%
Wither Rose
0%
Yellow Bed
0%
Yellow Candle
0%
Yellow Concrete Powder
0%
Yellow Glazed Terracotta
0%
Yellow Shulker Box
0%
Yellow Stained Glass
0%
Yellow Stained Glass Pane
0%
Yellow Terracotta
0%
Yellow Wool
0%
Zombie Head
0%
No matching quizzes found
Score Distribution
Percent of People with Each Score
Percentile by Number Answered
Your Score History
You have not taken this quiz since the last reset